Countries that start with B - Statistics

General Stats
  • This quiz has been taken 18 times
  • The average score is 14 of 17
Answer Stats
Picture Answer % Correct
Belgium
100%
Brazil
100%
Barbados
88%
Bhutan
88%
Bangladesh
81%
Bosnia and Herzegovina
81%
Brunei
81%
Bulgaria
81%
Bahamas
75%
Bahrain
75%
Belarus
75%
Belize
75%
Botswana
75%
Burundi
75%
Benin
69%
Bolivia
69%
Burkina Faso
69%
No matching quizzes found
Score Distribution
Percent of People with Each Score
Percentile by Number Answered
Your Score History
You have not taken this quiz